000 00307nam a2200121Ia 4500
008 190216s9999||||xx |||||||||||||| ||und||
100 _aDale Carnegie
245 0 _aPublic Speaking And Influencing Men In Business
260 _bSulthan Chand&Sons
_c1937
300 _a414p
650 _aCommerce
942 _cBK
999 _c5533
_d5533